The House of mirth
Gardado en:
| Autor Principal: | |
|---|---|
| Formato: | Libro |
| Idioma: | English |
| Publicado: |
London
David Campbell publishers
1991
|
| Series: | Everymen's library
|
| Những chủ đề: | |
| Các nhãn: |
Engadir etiqueta
Sen Etiquetas, Sexa o primeiro en etiquetar este rexistro!
|
| Thư viện lưu trữ: | Trung tâm Học liệu Lê Vũ Hùng, Trường Đại học Đồng Tháp |
|---|
| LEADER | 00783pam a22002658a 4500 | ||
|---|---|---|---|
| 001 | 00025290 | ||
| 005 | 20171026081025.0 | ||
| 008 | 110802s1991 ||||||engsd | ||
| 041 | 0 | # | |a eng |
| 082 | 1 | 4 | |a 813 |b TH200H |
| 100 | 1 | # | |a Wharton, Edith |
| 245 | 1 | 4 | |a The House of mirth |c Edith Wharton |
| 260 | # | # | |a London |b David Campbell publishers |c 1991 |
| 300 | # | # | |a xlix,347p. |c 21 cm. |
| 490 | # | # | |a Everymen's library |
| 504 | # | # | |a Includes bibliographical references (p. xxxv - xxxvii) |
| 650 | # | 4 | |a Mĩ |
| 650 | # | 4 | |a Tiểu thuyết |
| 650 | # | 4 | |a Văn học hiện đại |
| 852 | # | # | |b Kho đọc |j KD.0008395 |
| 852 | # | # | |j KD.0008395 |
| 910 | |d 02/08/2011 | ||
| 980 | # | # | |a Trung tâm Học liệu Lê Vũ Hùng, Trường Đại học Đồng Tháp |